| 000 | 00804nam a2200253 i 4500 | ||
|---|---|---|---|
| 001 | bg | ||
| 100 | 1 |
_aLESSING, Gotthold Ephraim _d(1729-1781) |
|
| 245 | 1 | 0 |
_aDramen / _cGotthold Ephraim Lessing ; mit einem Nachwort hrsg. von Kurt Wölfel. |
| 246 | 1 | _aLessing Dramen | |
| 260 |
_aFrankfurt : _bInsel Verl., _ccop. 1984. |
||
| 300 |
_a847 s. ; _c18 cm. |
||
| 490 | 1 |
_aInsel Taschenbuch ; _v714 |
|
| 650 | 9 |
_aDramat niemiecki _y18 w. |
|
| 700 | 1 | _aWÖLFEL, Kurt | |
| 830 | _aInsel Taschenbuch ; | ||
| 020 | _a3458324143 | ||
| 040 | _cBPK | ||
| 041 | 0 | _ager | |
| 080 | _a821.112.2-2 | ||
| 920 | _a3-458-32414-3 | ||
| 942 | _cKS | ||
| 008 | s pl f |000 0 pol | ||
| 999 |
_c45956 _d45956 |
||
| 856 |
_uhttp://koha.tu.koszalin.pl/cgi-bin/koha/opac-detail.pl?biblionumber=45956 _yKatalog online BPK |
||